Role of institutional finance in agriculture (Record no. 353232)

000 -LEADER
fixed length control field 00377cam a22001337a 4500
008 - FIXED-LENGTH DATA ELEMENTS--GENERAL INFORMATION
fixed length control field 180718b1986 xxu||||| |||| 00| 0 eng d
082 ## - DEWEY DECIMAL CLASSIFICATION NUMBER
Classification number Z442x54 Si64
100 ## - MAIN ENTRY--PERSONAL NAME
Personal name Singh, J.P.
245 ## - TITLE STATEMENT
Title Role of institutional finance in agriculture
Statement of responsibility, etc. by J.P. Singh
260 ## - PUBLICATION, DISTRIBUTION, ETC.
Place of publication, distribution, etc. New Delhi
Name of publisher, distributor, etc. Ashish
Date of publication, distribution, etc. 1986
300 ## - PHYSICAL DESCRIPTION
Extent 378p.
500 ## - GENERAL NOTE
General note Biblp.366-74
650 ## - SUBJECT ADDED ENTRY--TOPICAL TERM
Topical term or geographic name entry element Agricultural credit - India
Holdings
Withdrawn status Lost status Damaged status Not for loan Permanent Location Current Location Date acquired Full call number Barcode Date last seen Price effective from Koha item type
        Indian Institute of Public Administration Indian Institute of Public Administration 1993-11-30 Z442x54 Si64 61704 2018-07-21 2018-07-21 Book

Powered by Koha